000 00644nam a22002177a 4500
003 UA-OsUOA
001 50566
007 ta
008 20071120b un ||||| |||| 00| 0 ukr d
100 _aМаріно А.
090 _a82
_bМ-12
942 _cSA
040 _aUA-OsUOA
_bukr
_cUA-OsUOA
_dUA-OsUOA
245 _aКомпаративістика та теорія літератури. Поетика порівняльного літературознавства
300 _aС.46-59
955 _a0
041 _aukr
080 _a82
773 0 _w50563
650 7 _a82 Література. Літературознавство
_2UDC
999 _c336672
_d336672